[Event "ODJM B 2019"]
[Site "Willingen GER"]
[Date "2019.06.09"]
[Round "1"]
[White "Petrosyan, Tigran"]
[Black "Günther, Emil"]
[Result "0-1"]
[Termination "normal"]
[Board "5"]
[WhiteElo "1603"]
[BlackElo "1689"]
[WhiteClock "01:14:14"]
[BlackClock "00:47:57"]
[PlyCount "88"]
[WhiteFideId "12962783"]
[BlackFideId "16228154"]
[EventCountry "GER"]
[EventRounds "9"]
[EventType "swiss"]
[EventDate "2019.06.08"]

1. Nf3 {[%clk 1:30:56]} 1... b6 {[%clk 1:30:58]} 2. d4 {[%clk 1:31:16]} 2...
Bb7 {[%clk 1:31:15]} 3. c4 {[%clk 1:31:40]} 3... Nf6 {[%clk 1:31:34]} 4. Nc3 {
[%clk 1:32:04]} 4... e6 {[%clk 1:31:58]} 5. Bg5 {[%clk 1:32:24]} 5... Be7 {
[%clk 1:32:16]} 6. e3 {[%clk 1:32:49]} 6... d5 {[%clk 1:32:08]} 7. cxd5 { [%clk
1:32:55]} 7... Nxd5 {[%clk 1:31:50]} 8. Bxe7 {[%clk 1:33:19]} 8... Qxe7 { [%clk
1:31:53]} 9. Nxd5 {[%clk 1:32:33]} 9... Bxd5 {[%clk 1:31:45]} 10. a3 { [%clk
1:32:36]} 10... O-O {[%clk 1:31:46]} 11. Bd3 {[%clk 1:32:56]} 11... Nd7 { [%clk
1:23:39]} 12. O-O {[%clk 1:27:21]} 12... c5 {[%clk 1:22:44]} 13. Rc1 { [%clk
1:23:37]} 13... Rfd8 {[%clk 1:19:33]} 14. Bc4 {[%clk 1:20:00]} 14... Bb7 {[%clk
1:18:46]} 15. Qe2 {[%clk 1:19:01]} 15... Qf6 {[%clk 1:15:49]} 16. Rfd1 { [%clk
1:17:33]} 16... e5 {[%clk 1:02:54]} 17. dxe5 {[%clk 1:15:19]} 17... Nxe5 {[%clk
1:02:34]} 18. Nxe5 {[%clk 1:15:13]} 18... Qxe5 {[%clk 1:02:56]} 19. Rxd8+
{[%clk 1:15:25]} 19... Rxd8 {[%clk 1:03:14]} 20. Rd1 {[%clk 1:15:28]} 20... Qe7
{[%clk 1:02:07]} 21. Rxd8+ {[%clk 1:14:46]} 21... Qxd8 { [%clk 1:02:26]} 22.
Qd3 {[%clk 1:15:00]} 22... Qxd3 {[%clk 1:00:13]} 23. Bxd3 { [%clk 1:15:22]}
23... Kf8 {[%clk 1:00:35]} 24. Kf1 {[%clk 1:15:46]} 24... Ke7 { [%clk 1:00:45]}
25. Ke2 {[%clk 1:16:07]} 25... Bxg2 {[%clk 1:01:04]} 26. Kd2 { [%clk 1:15:48]}
26... h6 {[%clk 0:59:05]} 27. Kc3 {[%clk 1:16:13]} 27... Bb7 { [%clk 0:58:59]}
28. b4 {[%clk 1:16:35]} 28... Kd6 {[%clk 0:58:51]} 29. Bb5 { [%clk 1:14:49]}
29... Bc6 {[%clk 0:57:23]} 30. Bc4 {[%clk 1:14:54]} 30... Bd5 { [%clk 0:57:43]}
31. Bb5 {[%clk 1:15:13]} 31... Ke5 {[%clk 0:58:00]} 32. bxc5 { [%clk 1:15:27]}
32... bxc5 {[%clk 0:58:21]} 33. Bd3 {[%clk 1:15:34]} 33... g5 { [%clk 0:56:27]}
34. a4 {[%clk 1:15:20]} 34... f5 {[%clk 0:54:02]} 35. a5 { [%clk 1:15:06]}
35... f4 {[%clk 0:51:44]} 36. h3 {[%clk 1:12:20]} 36... Bg2 { [%clk 0:49:04]}
37. Kc4 {[%clk 1:11:40]} 37... Bxh3 {[%clk 0:48:14]} 38. Kxc5 { [%clk 1:12:03]}
38... fxe3 {[%clk 0:47:03]} 39. fxe3 {[%clk 1:12:25]} 39... g4 {[%clk 0:47:09]}
40. Bb5 {[%clk 1:12:23]} 40... g3 {[%clk 0:47:22]} 41. Bc6 { [%clk 1:12:52]}
41... g2 {[%clk 0:47:38]} 42. Bxg2 {[%clk 1:13:19]} 42... Bxg2 {[%clk 0:47:58]}
43. Kb5 {[%clk 1:13:48]} 43... Bb7 {[%clk 0:47:48]} 44. a6 { [%clk 1:14:14]}
44... Ba8 {[%clk 0:47:57]} 0-1

[Event "ODJM B 2019"]
[Site "Willingen GER"]
[Date "2019.06.09"]
[Round "1"]
[White "Aumüller, Naum"]
[Black "Großmann, Piet"]
[Result "0-1"]
[Termination "normal"]
[Board "7"]
[WhiteElo "1685"]
[BlackElo "1801"]
[WhiteClock "00:02:59"]
[BlackClock "00:25:30"]
[PlyCount "89"]
[WhiteFideId "16263960"]
[BlackFideId "16234359"]
[EventCountry "GER"]
[EventRounds "9"]
[EventType "swiss"]
[EventDate "2019.06.08"]

1. e4 {[%clk 1:30:58]} 1... e6 {[%clk 1:30:55]} 2. d4 {[%clk 1:31:23]} 2... d5
{[%clk 1:31:21]} 3. exd5 {[%clk 1:31:35]} 3... exd5 {[%clk 1:31:42]} 4. Bd3 {
[%clk 1:31:18]} 4... Bd6 {[%clk 1:32:06]} 5. Nf3 {[%clk 1:29:51]} 5... Ne7 {
[%clk 1:32:23]} 6. O-O {[%clk 1:23:12]} 6... O-O {[%clk 1:28:52]} 7. h3 { [%clk
1:22:05]} 7... Bf5 {[%clk 1:27:39]} 8. Bg5 {[%clk 1:20:38]} 8... Bxd3 { [%clk
1:26:48]} 9. Qxd3 {[%clk 1:20:59]} 9... c6 {[%clk 1:25:51]} 10. Nbd2 { [%clk
1:17:27]} 10... f6 {[%clk 1:22:33]} 11. Bh4 {[%clk 1:12:12]} 11... Qd7 { [%clk
1:21:38]} 12. Bg3 {[%clk 1:08:08]} 12... Bxg3 {[%clk 1:21:25]} 13. fxg3 { [%clk
1:06:01]} 13... Nf5 {[%clk 1:21:14]} 14. g4 {[%clk 0:59:41]} 14... Nd6 { [%clk
1:21:36]} 15. g5 {[%clk 0:54:33]} 15... Qf5 {[%clk 1:15:45]} 16. Qxf5 { [%clk
0:49:01]} 16... Nxf5 {[%clk 1:16:08]} 17. gxf6 {[%clk 0:47:32]} 17... Rxf6
{[%clk 1:16:26]} 18. Rae1 {[%clk 0:46:17]} 18... Nd7 {[%clk 1:15:24]} 19. c3
{[%clk 0:41:20]} 19... Rff8 {[%clk 0:59:55]} 20. g4 {[%clk 0:34:27]} 20... Nd6
{[%clk 0:50:00]} 21. Ne5 {[%clk 0:29:47]} 21... Nxe5 {[%clk 0:48:56]} 22. Rxe5
{[%clk 0:29:29]} 22... Rxf1+ {[%clk 0:49:13]} 23. Kxf1 {[%clk 0:29:45]} 23...
Kf7 {[%clk 0:49:33]} 24. Ke2 {[%clk 0:28:10]} 24... Re8 {[%clk 0:47:19]} 25.
Rxe8 {[%clk 0:28:19]} 25... Nxe8 {[%clk 0:47:44]} 26. Ke3 {[%clk 0:28:03]}
26... Ke6 {[%clk 0:47:55]} 27. Kf4 {[%clk 0:27:31]} 27... h6 {[%clk 0:48:00]}
28. h4 {[%clk 0:26:26]} 28... Kf6 {[%clk 0:44:34]} 29. h5 {[%clk 0:21:27]}
29... Nd6 {[%clk 0:44:43]} 30. a4 {[%clk 0:20:01]} 30... a5 {[%clk 0:31:40]}
31. b3 {[%clk 0:18:05]} 31... b5 {[%clk 0:28:03]} 32. axb5 {[%clk 0:15:33]}
32... cxb5 {[%clk 0:26:47]} 33. Nf3 {[%clk 0:04:46]} 33... a4 {[%clk 0:25:24]}
34. bxa4 {[%clk 0:03:00]} 34... bxa4 {[%clk 0:25:47]} 35. Nd2 {[%clk 0:03:23]}
35... Nb5 {[%clk 0:25:21]} 36. c4 {[%clk 0:02:27]} 36... dxc4 {[%clk 0:25:36]}
37. Nxc4 {[%clk 0:02:54]} 37... a3 {[%clk 0:26:01]} 38. Nd2 38... a2 { [%clk
0:25:32]} 39. Nb3 {[%clk 0:03:43]} 39... Nxd4 {[%clk 0:25:52]} 40. Na1 { [%clk
0:04:09]} 40... Ne6+ {[%clk 0:26:03]} 41. Ke4 {[%clk 0:03:26]} 41... Kg5 {[%clk
0:26:12]} 42. Kf3 {[%clk 0:03:53]} 42... Nf4 {[%clk 0:25:11]} 43. Nc2 { [%clk
0:03:26]} 43... Nd5 {[%clk 0:25:15]} 44. Ke4 {[%clk 0:02:59]} 44... Nf6+ {[%clk
0:25:30]} 45. Kd4 0-1

[Event "ODJM B 2019"]
[Site "Willingen GER"]
[Date "2019.06.09"]
[Round "1"]
[White "Werner, Tom"]
[Black "Rempe, Janne"]
[Result "1-0"]
[Termination "normal"]
[Board "8"]
[WhiteElo "1772"]
[BlackElo "1720"]
[WhiteClock "00:15:50"]
[BlackClock "00:26:51"]
[PlyCount "95"]
[WhiteFideId "16223756"]
[BlackFideId "16202392"]
[EventCountry "GER"]
[EventRounds "9"]
[EventType "swiss"]
[EventDate "2019.06.08"]

1. c4 {[%clk 1:30:58]} 1... d6 {[%clk 1:30:33]} 2. Nc3 {[%clk 1:31:22]} 2...
Nf6 {[%clk 1:30:22]} 3. d4 {[%clk 1:31:45]} 3... Nbd7 {[%clk 1:30:28]} 4. e4 {
[%clk 1:32:03]} 4... e5 {[%clk 1:30:13]} 5. Nf3 {[%clk 1:32:15]} 5... Be7 {
[%clk 1:29:58]} 6. Be2 {[%clk 1:32:21]} 6... O-O {[%clk 1:29:33]} 7. O-O {
[%clk 1:32:39]} 7... c6 {[%clk 1:29:10]} 8. Qc2 {[%clk 1:32:16]} 8... Re8 {
[%clk 1:26:58]} 9. a3 {[%clk 1:30:29]} 9... a5 {[%clk 1:25:20]} 10. Rd1 { [%clk
1:29:38]} 10... Qc7 {[%clk 1:24:41]} 11. h3 {[%clk 1:28:51]} 11... Nf8 { [%clk
1:24:20]} 12. Be3 {[%clk 1:28:10]} 12... Ng6 {[%clk 1:23:37]} 13. dxe5 { [%clk
1:27:24]} 13... dxe5 {[%clk 1:23:40]} 14. Rd2 {[%clk 1:24:46]} 14... Bd7 {[%clk
1:22:05]} 15. Rad1 {[%clk 1:24:17]} 15... Rad8 {[%clk 1:21:37]} 16. Na4 {[%clk
1:22:51]} 16... Nf4 {[%clk 1:16:17]} 17. Bb6 {[%clk 1:21:10]} 17... Qc8 {[%clk
1:13:10]} 18. Bxa5 {[%clk 1:14:33]} 18... c5 {[%clk 1:07:14]} 19. Bxd8 { [%clk
1:14:16]} 19... Rxd8 {[%clk 1:06:51]} 20. Nc3 {[%clk 1:09:17]} 20... Qb8 {[%clk
1:00:32]} 21. Bf1 {[%clk 1:04:59]} 21... h6 {[%clk 0:58:55]} 22. Ne2 { [%clk
0:57:10]} 22... Ne6 {[%clk 0:57:18]} 23. Ng3 {[%clk 0:50:08]} 23... g5 { [%clk
0:55:23]} 24. Nf5 {[%clk 0:49:03]} 24... Bf8 {[%clk 0:55:22]} 25. b3 { [%clk
0:41:00]} 25... h5 {[%clk 0:53:26]} 26. Be2 {[%clk 0:37:33]} 26... g4 { [%clk
0:50:59]} 27. hxg4 {[%clk 0:37:08]} 27... hxg4 {[%clk 0:51:17]} 28. Nh2 { [%clk
0:35:33]} 28... Nd4 {[%clk 0:50:06]} 29. Nxd4 {[%clk 0:31:44]} 29... exd4
{[%clk 0:50:08]} 30. Qd3 {[%clk 0:26:40]} 30... Bd6 {[%clk 0:49:07]} 31. Nf1 {
[%clk 0:24:44]} 31... Bc6 {[%clk 0:45:24]} 32. Ng3 {[%clk 0:22:24]} 32... Re8 {
[%clk 0:43:28]} 33. Bf1 {[%clk 0:20:23]} 33... Nxe4 {[%clk 0:40:14]} 34. Re2 {
[%clk 0:17:34]} 34... Nxg3 {[%clk 0:35:54]} 35. Rxe8+ {[%clk 0:16:54]} 35...
Bxe8 {[%clk 0:36:09]} 36. fxg3 {[%clk 0:16:32]} 36... Bxg3 {[%clk 0:36:26]} 37.
Qf5 {[%clk 0:15:50]} 37... Bh2+ {[%clk 0:32:51]} 38. Kh1 {[%clk 0:15:48]} 38...
g3 {[%clk 0:28:08]} 39. Bd3 {[%clk 0:14:57]} 39... Qd8 {[%clk 0:26:22]} 40.
Qh7+ {[%clk 0:14:51]} 40... Kf8 {[%clk 0:26:44]} 41. Qh8+ {[%clk 0:15:08]}
41... Ke7 {[%clk 0:27:09]} 42. Re1+ {[%clk 0:15:23]} 42... Kd7 {[%clk 0:26:39]}
43. Bf5+ {[%clk 0:15:44]} 43... Kc7 {[%clk 0:26:05]} 44. Rxe8 {[%clk 0:15:16]}
44... Qg5 {[%clk 0:26:21]} 45. Qe5+ {[%clk 0:14:56]} 45... Kb6 {[%clk 0:26:13]}
46. Qd6+ {[%clk 0:15:09]} 46... Ka7 {[%clk 0:26:31]} 47. Qxc5+ {[%clk 0:15:28]}
47... Ka6 {[%clk 0:26:51]} 48. Ra8# {[%clk 0:15:50]} 1-0

[Event "ODJM B 2019"]
[Site "Willingen GER"]
[Date "2019.06.09"]
[Round "1"]
[White "Götz, Timon"]
[Black "Zieringer, Sebastian"]
[Result "0-1"]
[Termination "normal"]
[Board "9"]
[WhiteElo "1408"]
[BlackElo "1825"]
[PlyCount "144"]
[WhiteFideId "16245040"]
[BlackFideId "16222008"]
[EventCountry "GER"]
[EventRounds "9"]
[EventType "swiss"]
[EventDate "2019.06.08"]

1. c4 b6 2. e3 Bb7 3. b4 e6 4. a3 a5 5. b5 Nf6 6. Nf3 Be7 7. Bb2 O-O 8. Qc2 Ne4
9. d3 Nc5 10. Nbd2 f5 11. Be2 Bf6 12. Nb3 Nxb3 13. Qxb3 Bxb2 14. Qxb2 d6 15. d4
Nd7 16. O-O Nf6 17. Rac1 Ne4 18. Ne1 Qg5 19. Bf3 Rf6 20. Nd3 Rh6 21. Nf4 Qh4
22. h3 Qf6 23. Rc2 g5 24. Nh5 Qf7 25. Ng3 Qg6 26. Bxe4 Bxe4 27. Nxe4 fxe4 28.
f3 Rh4 29. Kh2 Rf8 30. Rcf2 exf3 31. Rxf3 Rxf3 32. Rxf3 g4 33. Rg3 Qf5 34. Qe2
h5 35. a4 Kf7 36. e4 Qf4 37. Qe3 Qxe3 38. Rxe3 Kf6 39. Kg3 Kg5 40. e5 gxh3 41.
gxh3 Rxd4 42. exd6 h4+ 43. Kf3 Rxd6 44. Re5+ Kf6 45. Re4 Rd3+ 46. Kg4 Ra3 47.
c5 bxc5 48. Rc4 Rd3 49. Rxc5 Rd4+ 50. Kf3 Rxa4 51. Rxc7 Rb4 52. Rb7 Ke5 53. b6
Kd6 54. Ra7 a4 55. Ra6 Kc6 56. b7+ Kxb7 57. Rxe6 a3 58. Re1 a2 59. Ra1 Ra4 60.
Ke3 Kc6 61. Kd3 Kd5 62. Kc3 Ke4 63. Kb3 Ra8 64. Kc3 Kf3 65. Kd3 Kg3 66. Ke3
Ra3+ 67. Ke2 Kxh3 68. Rh1+ Kg2 69. Rf1 a1=Q 70. Rc1 Ra2+ 71. Kd1 Qd4+ 72. Ke1
Qd2# 0-1

[Event "ODJM B 2019"]
[Site "Willingen GER"]
[Date "2019.06.09"]
[Round "1"]
[White "Petersen, Finn Christopher"]
[Black "Peglau, Sarah"]
[Result "1/2-1/2"]
[Termination "normal"]
[Board "10"]
[WhiteElo "1780"]
[BlackElo "1471"]
[PlyCount "63"]
[WhiteFideId "12964840"]
[BlackFideId "16219961"]
[EventCountry "GER"]
[EventRounds "9"]
[EventType "swiss"]
[EventDate "2019.06.08"]

1. e4 e6 2. d4 d5 3. Nc3 dxe4 4. Nxe4 Bd7 5. c3 Bc6 6. Ng3 Nd7 7. Nf3 Ngf6 8.
Bd3 Be7 9. O-O O-O 10. Bf4 Bxf3 11. Qxf3 Nd5 12. Rae1 c5 13. dxc5 Nxc5 14. Bc2
Qb6 15. b3 Bf6 16. Be5 Nd7 17. Bxf6 N7xf6 18. Nh5 Rfd8 19. Re5 Rac8 20. c4 Nxh5
21. Bxh7+ Kxh7 22. Rxh5+ Kg8 23. cxd5 exd5 24. Rxd5 Rxd5 25. Qxd5 Rc2 26. b4
Qxb4 27. Rd1 Qc5 28. Qd8+ Qf8 29. Qa5 Qc5 30. Qd8+ Qf8 31. Qa5 Qc5 32. Qd8+
1/2-1/2

[Event "ODJM B 2019"]
[Site "Willingen GER"]
[Date "2019.06.09"]
[Round "1"]
[White "Winterberg, Johanna"]
[Black "Diegel, Jonas"]
[Result "1/2-1/2"]
[Termination "normal"]
[Board "11"]
[WhiteElo "1742"]
[BlackElo "1787"]
[PlyCount "80"]
[WhiteFideId "12929344"]
[BlackFideId "16206061"]
[EventCountry "GER"]
[EventRounds "9"]
[EventType "swiss"]
[EventDate "2019.06.08"]

1. e4 e6 2. d4 d5 3. Nd2 Nf6 4. exd5 exd5 5. Ngf3 Bg4 6. Be2 Bd6 7. Ne5 Bxe2 8.
Qxe2 O-O 9. O-O Re8 10. f4 c5 11. Ndf3 cxd4 12. Nxd4 Qb6 13. Be3 Bxe5 14. fxe5
Rxe5 15. Qf3 Nbd7 16. Qg3 Ne4 17. Qf4 Qg6 18. Nf5 Rae8 19. Bd4 Ng5 20. Kh1 Ne6
21. Qf3 Rxf5 22. Qxf5 Qxf5 23. Rxf5 Nxd4 24. Rxd5 Nxc2 25. Rc1 Nf6 26. Rc5 Nd4
27. Rc7 Ne2 28. Rd1 Ne4 29. Rf1 f6 30. Rf3 Nd4 31. Rf1 Nd6 32. Rd7 Re6 33. Kg1
Nc6 34. Rd1 Nf5 35. Rxb7 Re2 36. Kf1 Rc2 37. Re1 Ne5 38. Re2 Rc1+ 39. Re1 Rc2
40. Re2 Rc1+ 1/2-1/2

[Event "ODJM B 2019"]
[Site "Willingen GER"]
[Date "2019.06.09"]
[Round "1"]
[White "Reuter, Julian-Frank"]
[Black "Obciety, Sandra"]
[Result "0-1"]
[Termination "normal"]
[Board "12"]
[WhiteElo "1733"]
[BlackElo "1619"]
[PlyCount "36"]
[WhiteFideId "16256182"]
[BlackFideId "16213157"]
[EventCountry "GER"]
[EventRounds "9"]
[EventType "swiss"]
[EventDate "2019.06.08"]

1. e4 e5 2. Nf3 Nc6 3. Bc4 Bc5 4. c3 Nf6 5. d3 d6 6. Bb3 Be6 7. Bc2 d5 8. Qe2
dxe4 9. dxe4 O-O 10. O-O Bg4 11. Rd1 Qe7 12. Bg5 Nd8 13. Nbd2 Ne6 14. Be3 Bxe3
15. fxe3 Ng5 16. Qf2 h6 17. Re1 Bxf3 18. gxf3 Nh3+ 0-1

[Event "ODJM B 2019"]
[Site "Willingen GER"]
[Date "2019.06.09"]
[Round "1"]
[White "Unbehend, Marius"]
[Black "Zimmer, Luca"]
[Result "1/2-1/2"]
[Termination "normal"]
[Board "13"]
[WhiteElo "1395"]
[BlackElo "1676"]
[PlyCount "57"]
[WhiteFideId "16214420"]
[BlackFideId "12921424"]
[EventCountry "GER"]
[EventRounds "9"]
[EventType "swiss"]
[EventDate "2019.06.08"]

1. e4 e6 2. d4 d5 3. Nd2 Nf6 4. e5 Nfd7 5. c3 c5 6. Bd3 Nc6 7. Ne2 cxd4 8. cxd4
f6 9. exf6 Nxf6 10. O-O Bd6 11. Nf3 Qc7 12. Bg5 O-O 13. Bh4 Nh5 14. Nc3 a6 15.
Rc1 g6 16. Na4 Qg7 17. Bb1 Bd7 18. Nc5 Rf4 19. Nb3 Raf8 20. Bg3 Nxg3 21. hxg3
R4f7 22. a3 Bb8 23. Qd2 Ba7 24. Rfd1 Kh8 25. Qc3 Rxf3 26. gxf3 e5 27. dxe5 Nxe5
28. f4 d4 29. Nxd4 1/2-1/2

[Event "ODJM B 2019"]
[Site "Willingen GER"]
[Date "2019.06.09"]
[Round "1"]
[White "Thumm, Felix"]
[Black "Fricke, Janek Konrad"]
[Result "1-0"]
[Termination "normal"]
[Board "14"]
[WhiteElo "1836"]
[BlackElo "1561"]
[PlyCount "139"]
[WhiteFideId "12902209"]
[BlackFideId "12997471"]
[EventCountry "GER"]
[EventRounds "9"]
[EventType "swiss"]
[EventDate "2019.06.08"]

1. d4 d5 2. Nf3 Nf6 3. e3 e6 4. Bd3 b6 5. Nbd2 Bb7 6. b3 Bd6 7. Bb2 Nbd7 8. O-O
O-O 9. Ne5 Ne4 10. Nxd7 Qxd7 11. f3 Nxd2 12. Qxd2 c5 13. c4 Qc7 14. h3 h6 15.
Rac1 Qe7 16. Qc3 dxc4 17. dxc5 Qg5 18. cxd6 cxd3 19. Qxd3 Rfc8 20. e4 Rc5 21.
Rxc5 Qxc5+ 22. Kh1 Rd8 23. Rd1 e5 24. Bc3 a5 25. a3 f6 26. b4 axb4 27. Bxb4 Qc6
28. Qb3+ Kh8 29. Rd2 Qd7 30. Rc2 Bc6 31. Qc4 Rc8 32. Qa6 b5 33. Qb6 Kh7 34. Kg1
Kh8 35. Kf2 Kh7 36. h4 g6 37. g3 Kg7 38. Ke3 h5 39. Rf2 Qf7 40. Rd2 Qd7 41. Rg2
Qf7 42. g4 Bd7 43. gxh5 Qb3+ 44. Kf2 Rc2+ 45. Kg3 Rxg2+ 46. Kxg2 gxh5 47. Qd8
Qf7 48. Kf2 Qa2+ 49. Kg3 Qf7 50. Qe7 Qxe7 51. dxe7 Kf7 52. Kf2 Be8 53. Ke3 Ke6
54. Kd3 Kd7 55. Kc3 Kc7 56. Bc5 Kc6 57. Kb4 Kb7 58. Be3 Kc7 59. Bh6 Kd6 60. Bf8
Ke6 61. Kc5 Bd7 62. Kb6 Kf7 63. Kc7 Ke8 64. Kd6 Bh3 65. Bg7 Bg2 66. Bxf6 Bxf3
67. Kxe5 Kd7 68. Kd5 Be2 69. Kc5 Bc4 70. a4 1-0

[Event "ODJM B 2019"]
[Site "Willingen GER"]
[Date "2019.06.09"]
[Round "1"]
[White "Hoffmann, Alexander"]
[Black "Lau, Theodor"]
[Result "0-1"]
[Termination "normal"]
[Board "15"]
[WhiteElo "1631"]
[BlackElo "1670"]
[PlyCount "68"]
[WhiteFideId "16240219"]
[BlackFideId "12946524"]
[EventCountry "GER"]
[EventRounds "9"]
[EventType "swiss"]
[EventDate "2019.06.08"]

1. d4 d5 2. c4 Nf6 3. Nc3 c6 4. Nf3 e6 5. Bg5 Be7 6. e3 Nbd7 7. Bd3 dxc4 8.
Bxc4 h6 9. Bh4 O-O 10. O-O Re8 11. Bd3 b6 12. Bc2 Bb7 13. Qd3 c5 14. Nd2 cxd4
15. Qxd4 Bc5 16. Qf4 g5 17. Bxg5 hxg5 18. Qxg5+ Kf8 19. a3 Ke7 20. Nde4 Rg8 21.
Qh4 Rg4 22. Qh3 Bxe4 23. Nxe4 Rxe4 24. Bxe4 Nxe4 25. Qh4+ Nef6 26. Rfd1 Qh8 27.
Qf4 Nd5 28. Qg5+ f6 29. Qg3 Rg8 30. Qf3 Ne5 31. Qe2 Qh3 32. g3 Rh8 33. f3 Bxe3+
34. Kh1 Nxf3 0-1

[Event "ODJM B 2019"]
[Site "Willingen GER"]
[Date "2019.06.09"]
[Round "1"]
[White "Naumenko, Valerija"]
[Black "Hallfarth, Luise"]
[Result "1-0"]
[Termination "normal"]
[Board "16"]
[WhiteElo "1606"]
[BlackElo "1518"]
[PlyCount "57"]
[WhiteFideId "16222890"]
[BlackFideId "16250222"]
[EventCountry "GER"]
[EventRounds "9"]
[EventType "swiss"]
[EventDate "2019.06.08"]

1. e4 c5 2. Nf3 Nc6 3. d4 cxd4 4. Nxd4 g6 5. c4 Bg7 6. Nc2 Nf6 7. Nc3 O-O 8.
Be2 e6 9. O-O b6 10. Bf4 Bb7 11. Bd6 Ne7 12. f3 Ne8 13. Rb1 Rc8 14. Bg3 d5 15.
exd5 exd5 16. Nxd5 Nxd5 17. cxd5 Bxd5 18. Nb4 Bb7 19. Kh1 Nf6 20. Bb5 Nd5 21.
Nxd5 Qxd5 22. Qa4 Rc5 23. Rfd1 Qe6 24. Bd6 Rxb5 25. Qxb5 Rc8 26. Bg3 Bc6 27.
Qa6 Qe7 28. Qxc8+ Be8 29. Rd8 1-0

[Event "ODJM B 2019"]
[Site "Willingen GER"]
[Date "2019.06.09"]
[Round "1"]
[White "Brügmann, Kai"]
[Black "Francois, Yannick"]
[Result "1-0"]
[Termination "normal"]
[Board "17"]
[WhiteElo "1555"]
[BlackElo "1643"]
[PlyCount "55"]
[WhiteFideId "16287460"]
[BlackFideId "16200918"]
[EventCountry "GER"]
[EventRounds "9"]
[EventType "swiss"]
[EventDate "2019.06.08"]

1. e4 e5 2. Nf3 Nc6 3. Bc4 Bc5 4. c3 Nf6 5. d3 a6 6. a4 O-O 7. O-O d5 8. exd5
Nxd5 9. Re1 Qd6 10. Nbd2 f5 11. b4 Bb6 12. Qb3 Rd8 13. Ba3 Nce7 14. Rxe5 c6 15.
Rae1 Ng6 16. Re8+ Rxe8 17. Rxe8+ Kf7 18. Re1 Bd7 19. d4 Nge7 20. b5 c5 21. Re5
axb5 22. Bxd5+ Nxd5 23. Rxd5 Be6 24. Rxd6 Bxb3 25. Nxb3 Rxa4 26. Rxb6 Rxa3 27.
Rxb5 c4 28. Ne5+ 1-0

[Event "ODJM B 2019"]
[Site "Willingen GER"]
[Date "2019.06.09"]
[Round "1"]
[White "Kolb, Verena"]
[Black "Schilay, Maria"]
[Result "1-0"]
[Termination "normal"]
[Board "18"]
[WhiteElo "1649"]
[BlackElo "1415"]
[PlyCount "93"]
[WhiteFideId "12992313"]
[BlackFideId "12942979"]
[EventCountry "GER"]
[EventRounds "9"]
[EventType "swiss"]
[EventDate "2019.06.08"]

1. e4 e5 2. Nf3 Nc6 3. Bb5 a6 4. Ba4 b5 5. Bb3 Nf6 6. O-O d6 7. Re1 Be7 8. h3
Na5 9. c4 Bd7 10. cxb5 axb5 11. Bc2 c5 12. b3 O-O 13. Nc3 Be6 14. Nxb5 Qb6 15.
a4 Rfc8 16. d3 Nc6 17. Bd2 Nd4 18. Nfxd4 exd4 19. b4 d5 20. exd5 Nxd5 21. bxc5
Bxc5 22. Bb3 Rc6 23. Qe2 h6 24. Qh5 Nf6 25. Qd1 Re8 26. Bxe6 Rcxe6 27. Kf1 Nd5
28. Qb3 Nc7 29. Rab1 R8e7 30. Nxc7 Qxc7 31. Qb8+ Kh7 32. Qxc7 Rxe1+ 33. Rxe1
Rxc7 34. Rc1 Bb6 35. Rxc7 Bxc7 36. Bb4 Bb6 37. Ke2 Kg6 38. a5 Ba7 39. Kf3 Kf5
40. Bf8 Kf6 41. Ke4 h5 42. Ba3 Ke6 43. Bb2 f5+ 44. Kf4 g6 45. Ba3 Bb8+ 46. Kg5
Kf7 47. Bc5 1-0

[Event "ODJM B 2019"]
[Site "Willingen GER"]
[Date "2019.06.09"]
[Round "1"]
[White "Seliokaite, Ana"]
[Black "ter Stal, Lars"]
[Result "1-0"]
[Termination "normal"]
[Board "19"]
[WhiteElo "1464"]
[BlackElo "1732"]
[PlyCount "69"]
[WhiteFideId "16224817"]
[BlackFideId "12965200"]
[EventCountry "GER"]
[EventRounds "9"]
[EventType "swiss"]
[EventDate "2019.06.08"]

1. e4 e6 2. Nf3 d5 3. e5 c5 4. b4 cxb4 5. a3 Nc6 6. axb4 Bxb4 7. c3 Be7 8. Ba3
Qc7 9. d4 Na5 10. Bxe7 Nxe7 11. Qa4+ Nec6 12. Na3 a6 13. c4 Bd7 14. Qd1 Nxc4
15. Bxc4 dxc4 16. Nxc4 Ke7 17. O-O Nb4 18. Qb3 Nd5 19. Rfc1 b5 20. Qa3+ b4 21.
Qb3 Rhc8 22. Ne1 a5 23. Nd3 a4 24. Qb1 Nc3 25. Qxb4+ Kd8 26. Qxc3 Bb5 27. Nc5
Qc6 28. Nd6 Rc7 29. Qd2 Qd5 30. Nxb5 Rc6 31. Nc3 Qc4 32. N3xa4 Rxa4 33. Nxa4
Qxc1+ 34. Rxc1 Rxc1+ 35. Qxc1 1-0

[Event "ODJM B 2019"]
[Site "Willingen GER"]
[Date "2019.06.09"]
[Round "1"]
[White "Seitz, Manuel"]
[Black "Reuter, Marek"]
[Result "1-0"]
[Termination "normal"]
[Board "20"]
[WhiteElo "1710"]
[BlackElo "1553"]
[PlyCount "53"]
[WhiteFideId "16215770"]
[BlackFideId "16226712"]
[EventCountry "GER"]
[EventRounds "9"]
[EventType "swiss"]
[EventDate "2019.06.08"]

1. e4 c6 2. d4 d5 3. exd5 cxd5 4. Bd3 Nc6 5. c3 Nf6 6. Bf4 Bg4 7. Qb3 Na5 8.
Qc2 e6 9. Nd2 Bd6 10. Bxd6 Qxd6 11. Ngf3 a6 12. Ne5 Bh5 13. O-O Nc6 14. Rfe1
O-O 15. Re3 Rfc8 16. Rae1 Nxd4 17. Qa4 Nc6 18. Qh4 Ne4 19. Bxe4 dxe4 20. Ndc4
Qd5 21. Qxh5 Nxe5 22. Nxe5 g6 23. Qg5 Kg7 24. Rh3 h5 25. Rxh5 Kf8 26. Qf6 g5
27. Qxf7# 1-0

[Event "ODJM B 2019"]
[Site "Willingen GER"]
[Date "2019.06.09"]
[Round "1"]
[White "Albayrak, Berrak"]
[Black "Wichert, Eddi"]
[Result "0-1"]
[Termination "normal"]
[Board "21"]
[WhiteElo "1491"]
[BlackElo "1702"]
[PlyCount "128"]
[WhiteFideId "16241657"]
[BlackFideId "16266048"]
[EventCountry "GER"]
[EventRounds "9"]
[EventType "swiss"]
[EventDate "2019.06.08"]

1. e4 c5 2. Nf3 Nc6 3. d4 cxd4 4. Nxd4 d6 5. Nc3 Nf6 6. Be2 g6 7. Be3 Bg7 8.
Qd2 Ng4 9. Bxg4 Bxg4 10. f3 Bd7 11. O-O-O O-O 12. g4 Ne5 13. Qg2 Nc4 14. Bf2
Qa5 15. Nb3 Qc7 16. Bd4 e5 17. Bf2 Be6 18. h4 Rfc8 19. Rd3 h6 20. Rhd1 a6 21.
Bg1 b5 22. Nd5 Bxd5 23. Rxd5 Qc6 24. Kb1 a5 25. Nc1 b4 26. R5d3 a4 27. Qf2 a3
28. b3 Nb2 29. Rxd6 Qc3 30. R6d3 Nxd3 31. Nxd3 Bf8 32. Qd2 f6 33. Qxc3 Rxc3 34.
Bh2 Rac8 35. Rd2 Bc5 36. Re2 Kf7 37. g5 hxg5 38. hxg5 Bd4 39. gxf6 Kxf6 40. f4
exf4 41. Bxf4 g5 42. Bd6 Rh8 43. Bxb4 Rh1+ 44. Nc1 Re3 45. Rf2+ Kg6 46. c4 Rxe4
47. Rc2 Bb2 48. Bc3 Bxc1 49. Rxc1 Rxc1+ 50. Kxc1 Re2 51. Kb1 g4 52. Bb4 g3 53.
Bxa3 g2 54. Bc5 Kf5 55. a4 Ke4 56. a5 Re3 57. Bxe3 Kxe3 58. Kb2 g1=Q 59. Ka3
Qe1 60. Ka4 Kd4 61. Kb5 Qc3 62. a6 Qxb3+ 63. Ka5 Kc5 64. a7 Qa3# 0-1